Fluid mechanics through worked out problems (Record no. 2538)

000 -LEADER
fixed length control field 00578nam a22002177a 4500
001 - CONTROL NUMBER
control field 2538
003 - CONTROL NUMBER IDENTIFIER
control field BD-DhUET
008 - FIXED-LENGTH DATA ELEMENTS--GENERAL INFORMATION
fixed length control field 140924b xxu||||| |||| 00| 0 eng d
020 ## - INTERNATIONAL STANDARD BOOK NUMBER
International Standard Book Number 9843109230
040 ## - CATALOGING SOURCE
Transcribing agency 0
Modifying agency BD-DhUET
082 ## - DEWEY DECIMAL CLASSIFICATION NUMBER
Classification number 532
Item number QUA/2006
100 ## - MAIN ENTRY--PERSONAL NAME
Personal name Quamrul Islam , Md.
245 ## - TITLE STATEMENT
Title Fluid mechanics through worked out problems
250 ## - EDITION STATEMENT
Edition statement 1st ed.
260 ## - PUBLICATION, DISTRIBUTION, ETC. (IMPRINT)
Place of publication, distribution, etc. Gazipur
Name of publisher, distributor, etc. Islamic University of Technology
Date of publication, distribution, etc. 2006
300 ## - PHYSICAL DESCRIPTION
Extent xii,777 p.
504 ## - BIBLIOGRAPHY, ETC. NOTE
Bibliography, etc Includes bibliographies
650 #0 - SUBJECT ADDED ENTRY--TOPICAL TERM
Topical term or geographic name as entry element Fluid mechanics
700 ## - ADDED ENTRY--PERSONAL NAME
Personal name Mondal , Amalesh Chandra
942 ## - ADDED ENTRY ELEMENTS (KOHA)
Koha item type General Book
Holdings
Koha renewals Not for loan Koha item type Shelving location Source of classification or shelving scheme Sublocation or collection (holding branch) Koha date last borrowed Koha out on loan Location (home branch) Damaged status Price effective from Piece designation (barcode) Lost status Koha date last seen Koha full call number Withdrawn status Date acquired Koha issues (times borrowed) Copy number Koha normalized classification for sorting
  General BookCirculation section Central Library, BUET2024-08-312024-09-14Central Library, BUET 2014-09-24102749 2024-08-31532/QUA/2006 2014-09-2491532QUA2006
  General BookCirculation section Central Library, BUET2025-08-10 Central Library, BUET 2014-09-24102750 2025-11-09532/QUA/2006 2014-09-24162532_000000000000000_QUA_2006
1 General BookCirculation section Central Library, BUET2026-03-30 Central Library, BUET 2014-09-24102751 2026-04-12532/QUA/2006 2014-09-24153532_000000000000000_QUA_2006
  General BookCirculation section Central Library, BUET2025-06-302025-07-14Central Library, BUET 2015-08-17102748 2025-06-30532/QUA/2006 2015-08-17244532_000000000000000_QUA_2006
  General BookCirculation section Central Library, BUET2023-12-022023-12-16Central Library, BUET 2018-04-21102752 2023-12-02532/QUA/2006 2006-11-06105532_000000000000000_QUA_2006